[Event "Asia-ch Amateur"]
[Site "Muscat"]
[Date "2022.10.03"]
[Round "6"]
[White "Madhusoodanan, KR."]
[Black "Bagheri, Majjid"]
[Result "1-0"]
[WhiteElo "1663"]
[BlackElo "1870"]
[PlyCount "107"]
[EventDate "2022.09.29"]
[EventType "swiss"]
[EventRounds "9"]
[EventCountry "OMN"]
[SourceTitle "CBM 210 Extra"]
[Source "ChessBase"]
[SourceDate "2022.11.30"]
[SourceVersion "1"]
[SourceVersionDate "2022.11.30"]
[SourceQuality "1"]

1. Nf3 g6 2. e4 Bg7 3. Bc4 d6 4. 0-0 Nf6 5. Nc3 0-0 6. h3 c6 7. Bb3 d5 8. e5 Nfd7 9. d4 h6 10. Re1 e6 11. Ne2 c5 12. c3 Nc6 13. Bc2 Re8 14. Bf4 cxd4 15. cxd4 Nf8 16. Qd2 Kh7 17. Rac1 Qa5 18. Nc3 Bd7 19. h4 Rec8 20. h5 Ne7 21. g4 Be8 22. Kg2 f5 23. exf6 Bxf6 24. Bxh6 Bf7 25. Rh1 Kg8 26. Ne4 dxe4 27. Qxa5 exf3+ 28. Kxf3 Rd8 29. Be3 Rd5 30. Qd2 gxh5 31. Rcg1 h4 32. g5 Bg7 33. Rxh4 Nfg6 34. Re4 Rf8 35. Ke2 Nf5 36. Bb3 Rd6 37. Rc1 Ngh4 38. g6 Bxg6 39. Bxe6+ Rxe6 40. Rxe6 Bh5+ 41. Kd3 Bf7 42. Re4 Bg6 43. Qb4 Rf7 44. Rc8+ Kh7 45. Kc3 a5 46. Qb6 Nf3 47. Rg4 Rf6 48. Qd8 Rf8 49. Qxf8 Bxf8 50. Rxf8 b5 51. b4 a4 52. Rxf5 Bxf5 53. Rf4 Be6 54. Rxf3 1-0

[Event "Asia-ch Amateur"]
[Site "Muscat"]
[Date "2022.09.29"]
[Round "1"]
[White "Bagheri, Majjid"]
[Black "Al Rashdi, Mohammed"]
[Result "1-0"]
[WhiteElo "1870"]
[BlackElo "1322"]
[PlyCount "107"]
[EventDate "2022.09.29"]
[EventType "swiss"]
[EventRounds "9"]
[EventCountry "OMN"]
[SourceTitle "CBM 210 Extra"]
[Source "ChessBase"]
[SourceDate "2022.11.30"]
[SourceVersion "1"]
[SourceVersionDate "2022.11.30"]
[SourceQuality "1"]

1. e4 e5 2. Nf3 Nc6 3. Bc4 Bc5 4. c3 Nf6 5. d3 0-0 6. Bb3 d6 7. Bg5 h6 8. Bh4 Bg4 9. h3 Be6 10. Bc2 d5 11. Nbd2 dxe4 12. Nxe4 Be7 13. Bxf6 Bxf6 14. Nc5 Qe7 15. Nxe6 Qxe6 16. 0-0 Qd6 17. Re1 a6 18. Qe2 Rfe8 19. Rad1 g6 20. a3 b5 21. Bb3 Re7 22. Qe4 Rae8 23. Qxg6+ Bg7 24. Qg4 Kh8 25. Nh4 Rg8 26. Nf5 Qf6 27. Nxe7 Nxe7 28. Qf3 Nf5 29. g4 Nh4 30. Qxf6 Bxf6 31. Bxf7 Nf3+ 32. Kf1 Rf8 33. Re3 Nd2+ 34. Rxd2 Bg5 35. Rde2 Bxe3 36. Rxe3 Rxf7 37. Rxe5 Kg7 38. Ke2 Kg6 39. Ke3 Rf6 40. f4 Rc6 41. d4 Rd6 42. d5 Kf6 43. h4 c6 44. g5+ hxg5 45. hxg5+ Kf7 46. Kd4 cxd5 47. f5 Rc6 48. Rxd5 Rc4+ 49. Ke5 Rg4 50. g6+ Ke7 51. f6+ Ke8 52. f7+ Ke7 53. Rd7+ Kxd7 54. f8Q 1-0

[Event "Bushehr Lian op 7th"]
[Site "Bushehr"]
[Date "2015.11.13"]
[Round "5"]
[White "Bagheri, Majjid"]
[Black "Nadimifar, Adnan"]
[Result "0-1"]
[WhiteElo "1909"]
[BlackElo "2178"]
[PlyCount "114"]
[EventDate "2015.11.11"]
[EventType "swiss"]
[EventRounds "9"]
[EventCountry "IRI"]
[SourceTitle "CBM 169 Extra"]
[Source "ChessBase"]
[SourceDate "2015.12.18"]
[SourceVersion "1"]
[SourceVersionDate "2015.12.18"]
[SourceQuality "1"]

1. e4 c5 2. c3 Nf6 3. e5 Nd5 4. d4 cxd4 5. cxd4 Nc6 6. Nf3 d6 7. Bc4 Nb6 8. Bb3 dxe5 9. Nxe5 Nxe5 10. dxe5 Qxd1+ 11. Bxd1 Bd7 12. 0-0 e6 13. Bf3 Nd5 14. Bxd5 exd5 15. Rd1 Bc6 16. Nc3 0-0-0 17. Be3 Kb8 18. a3 Be7 19. Rd2 Rd7 20. b4 b6 21. Rad1 Rhd8 22. Ne2 Kb7 23. Nd4 Ba4 24. Rc1 Rc8 25. Rxc8 Kxc8 26. Ne2 Kb7 27. f4 g6 28. Kf2 Bb3 29. Bd4 Rc7 30. Rb2 Bc4 31. Nc3 b5 32. Ke3 a5 33. Rb1 axb4 34. axb4 Rc6 35. Ra1 Ra6 36. Rxa6 Kxa6 37. Bc5 Bxc5+ 38. bxc5 b4 39. Nd1 h5 40. Kd4 Kb5 41. Nb2 b3 42. g3 Kc6 43. Nd1 Be2 44. Nb2 Bg4 45. Kc3 Kxc5 46. Nd3+ Kb5 47. Kxb3 d4 48. Nf2 Bf5 49. h3 Kc5 50. g4 Be6+ 51. Kc2 h4 52. Ne4+ Kc4 53. Nd6+ Kd5 54. f5 gxf5 55. gxf5 Bd7 56. Nxf7 Bxf5+ 57. Kd2 Bxh3 0-1

[Event "IBCA-ol blind 14th"]
[Site "Chennai"]
[Date "2012.08.13"]
[Round "4.3"]
[White "Bagheri, Majjid"]
[Black "Berggren, Marcus"]
[Result "1/2-1/2"]
[WhiteElo "1958"]
[BlackElo "1933"]
[PlyCount "81"]
[EventDate "2012.08.10"]
[EventType "team-swiss"]
[EventRounds "9"]
[EventCountry "IND"]
[SourceTitle "CBM 149 Extra"]
[Source "ChessBase"]
[SourceDate "2012.08.24"]
[SourceVersion "1"]
[SourceVersionDate "2012.08.24"]
[SourceQuality "1"]
[WhiteTeam "Iran"]
[BlackTeam "Sweden"]
[WhiteTeamCountry "IRI"]
[BlackTeamCountry "SWE"]

1. Nf3 f5 2. e4 d6 3. Nc3 Nf6 4. Bd3 fxe4 5. Nxe4 e5 6. Nfg5 Nxe4 7. Nxe4 Nd7 8. c4 Nf6 9. Ng5 Bg4 10. Qc2 Qd7 11. f3 Be6 12. Nxh7 Nxh7 13. Bxh7 0-0-0 14. Bg6 Be7 15. b3 Bh4+ 16. Ke2 Kb8 17. d3 c6 18. Be3 Bf6 19. Rab1 Rc8 20. Qd2 Bf5 21. Bxf5 Qxf5 22. b4 d5 23. Qc2 Bg5 24. Bxg5 Qxg5 25. Kf2 Qh4+ 26. Kf1 Qf4 27. h3 g5 28. Re1 g4 29. Qc1 Qf5 30. Qe3 gxh3 31. g4 Qf8 32. Qxe5+ Ka8 33. Kf2 dxc4 34. dxc4 Qxb4 35. Kg3 Qxc4 36. Rxh3 Rxh3+ 37. Kxh3 Qxa2 38. g5 Qf2 39. Kg4 Qg2+ 40. Qg3 Qc2 41. Qe5 1/2-1/2

[Event "Hamadan Iran op 11th"]
[Site "Hamadan"]
[Date "2012.07.12"]
[Round "2"]
[White "Asgari, Morteza"]
[Black "Bagheri, Majjid"]
[Result "1-0"]
[WhiteElo "2304"]
[BlackElo "1958"]
[PlyCount "63"]
[EventDate "2012.07.11"]
[EventType "swiss"]
[EventRounds "11"]
[EventCountry "IRI"]
[SourceTitle "CBM 149 Extra"]
[Source "ChessBase"]
[SourceDate "2012.08.24"]
[SourceVersion "1"]
[SourceVersionDate "2012.08.24"]
[SourceQuality "1"]

1. e4 c6 2. Nc3 d5 3. d4 dxe4 4. Nxe4 Nd7 5. Ng5 e6 6. Bd3 Ngf6 7. Qe2 Bd6 8. Bd2 h6 9. N5f3 Qc7 10. 0-0-0 b5 11. Nh3 Nd5 12. g4 Nf4 13. Nxf4 Bxf4 14. Kb1 Bb7 15. Rhe1 0-0-0 16. Bb4 a5 17. Bd2 h5 18. g5 g6 19. c4 b4 20. c5 Rhe8 21. Qe4 Bxd2 22. Nxd2 Nb8 23. Nc4 Ba6 24. Nd6+ Rxd6 25. Bxa6+ Nxa6 26. cxd6 Qxd6 27. d5 Kb7 28. dxc6+ Qxc6 29. Rd7+ Kb6 30. Qd4+ Qc5 31. Rd6+ Kb7 32. Qe4+ 1-0